| 000 | 03145nam0a2200505 4500 | ||
|---|---|---|---|
| 001 | RU\NLR\BIBL_A\011693397 | ||
| 005 | 20260407053458.0 | ||
| 020 |
_aRU _b14623 _9Сводный каталог листовок первых лет Советской власти (25 октября (7 ноября) 1917 - 1925) Т.5. Листовки советских, партийных, профсоюзных, комсомольских и других организаций краев РСФСР. Ч.1 |
||
| 035 | _a(NLR Aleph) 011693397 | ||
| 090 |
_a11351124 _c11351124 |
||
| 100 | _a20180507d1921 |||y0rusy50 ca | ||
| 101 | 0 | _arus | |
| 102 | _aRU | ||
| 105 | _ay z 000zy | ||
| 135 | _acrcn 024apada | ||
| 200 | 1 |
_aТоварищи-крестьяне! "Ввиду высокой детской смертности...желательно устройство яслей-приютов в деревнях и селах..." _e[листовка] |
|
| 210 |
_a[Омск _cб.и. _d1921] |
||
| 215 |
_a1 с. _d35х18 |
||
| 300 | _aПодписи: заведующий Отделом здравоохранения Патушинский; зав. П/о оздравдет Сентемова | ||
| 300 | _aЛозунг: Здоровое детство обеспечивает здоровье на всю жизнь | ||
| 300 | _aВых. дан. установлены по изд.: Кн. летопись. 1921. № 3967 | ||
| 309 | _aНапеч. на обороте этикеток для чая | ||
| 325 | 1 | _aКопия доступна в Электронной библиотеке РНБ | |
| 517 | 1 | _aВвиду высокой детской смертности...желательно устройство яслей-приютов в деревнях и селах... | |
| 540 | 1 | _aЗдоровое детство обеспечивает здоровье на всю жизнь | |
| 607 |
_aРСФСР _jЛистовки _xПолитика и управление _y1917 - 1925 _92312782 _3RU\NLR\auth\6601609564 |
||
| 686 | 0 | _aТ3(2)71-313,011 | |
| 686 | 0 | _aТ3(2Р5)71-313,011 | |
| 702 | 1 |
_aПатушинский _4720 |
|
| 702 | 1 |
_aСентемова _4720 |
|
| 711 | 0 | 2 |
_aОмский губернский отдел здравоохранения _3RU\NLR\AUTH\8810023425 _9544856 |
| 712 | 0 | 2 |
_4570 _aОмский губернский исполнительный комитет Советов _9454951 _3RU\NLR\AUTH\880394420 |
| 852 | 0 | 0 |
_aNLR _bФЛ _j41/20 |
| 856 | 0 | _uhttps://vivaldi.nlr.ru/ll700000715/view | |
| 856 | 1 | _uhttps://vivaldi.nlr.ru/ll700000715/cover | |
| 856 | 2 | _uhttps://vivaldi.nlr.ru/ll700000715/text | |
| 942 | _cBOOK | ||
| 980 | _aNB | ||
| 981 | 2 | 2 |
_a(22) Материалы по истории России _b(22) История России с 25 октября (7 ноября) 1917 года |
| 981 | 2 | 1 |
_a(21) Листовки _b(21) Листовки 1921 года |